000
00286nam a22001217a 4500
008
170322b xxu||||| |||| 00| 0 eng d
041
_a
eng
080
_2
5TH
_a
616.12-008-073
100
_a
7
101
_a
SHM
245
_a
PRACTICAL ELECTROCARDIOGRAPHY
_c
MARRIOT, H.J.L
942
_2
udc
_c
BK
999
_c
8305
_d
8305